[Event "Madrid San Viator op-B 31st"]
[Site "Madrid"]
[Date "2019.11.10"]
[Round "8"]
[White "Arce Escobedo, Julio"]
[Black "Rojo Jorge, Angel"]
[Result "1/2-1/2"]
[WhiteElo "1664"]
[BlackElo "1445"]
[PlyCount "179"]
[EventDate "2019.09.08"]
[EventType "swiss"]
[EventRounds "9"]
[EventCountry "ESP"]
[SourceTitle "EXT 2022"]
[Source "ChessBase"]
[SourceDate "2021.10.06"]
[SourceVersion "1"]
[SourceVersionDate "2021.10.06"]
[SourceQuality "1"]

1. e4 c5 2. Nf3 g6 3. d4 cxd4 4. Qxd4 Nf6 5. c4 Nc6 6. Qe3 Bg7 7. Bd3 0-0 8. 0-0 d6 9. Nc3 Bd7 10. Nd5 e6 11. Nc3 a5 12. Rb1 a4 13. Rd1 Nb4 14. a3 Nxd3 15. Qxd3 Bc6 16. Bg5 Qc7 17. Bxf6 Bxf6 18. Qxd6 Qxd6 19. Rxd6 Bxc3 20. bxc3 Bxe4 21. Rb4 Rfd8 22. Rd4 Rxd4 23. cxd4 f6 24. Nd2 Bc6 25. f3 Rd8 26. Ne4 Rxd4 27. Nc5 Rd1+ 28. Kf2 Ra1 29. Nxa4 Rxa3 30. Nc5 e5 31. Nxb7 Rc3 32. Na5 Be8 33. Rb8 Kf7 34. Rb7+ Kg8 35. Rc7 Bf7 36. c5 Bd5 37. Nc6 Bxc6 38. Rxc6 Kf7 39. Rc7+ Ke6 40. Rc6+ Kf7 41. Rc8 Ke6 42. c6 Kd6 43. Rd8+ Ke7 44. Rd7+ Ke8 45. Rd6 Ke7 46. Rd7+ Ke8 47. h4 Rxc6 48. Rxh7 f5 49. g4 fxg4 50. fxg4 Re6 51. Ke3 Kf8 52. Ke4 Ra6 53. Kxe5 Kg8 54. Rd7 Ra4 55. Rd4 Ra6 56. Rd6 Ra5+ 57. Kf6 Ra4 58. Kg5 Kh7 59. Rd7+ Kg8 60. h5 gxh5 61. Kxh5 Ra5+ 62. g5 Ra1 63. Kg6 Ra8 64. Rg7+ Kh8 65. Re7 Kg8 66. Kf6 Rf8+ 67. Ke6 Ra8 68. Rd7 Re8+ 69. Kf6 Rf8+ 70. Kg6 Ra8 71. Kh6 Ra6+ 72. g6 Ra8 73. Rg7+ Kh8 74. Re7 Kg8 75. Rd7 Kh8 76. Kg5 Kg8 77. Kf6 Ra6+ 78. Kf5 Ra5+ 79. Ke6 Ra6+ 80. Kf5 Ra5+ 81. Kf6 Ra6+ 82. Kg5 Ra5+ 83. Kh6 Ra8 84. Re7 Rb8 85. Kg5 Rb5+ 86. Kf6 Rb6+ 87. Re6 Rb8 88. Re7 Rb6+ 89. Re6 Rb8 90. Re7 1/2-1/2

[Event "Madrid San Viator op-B 31st"]
[Site "Madrid"]
[Date "2019.10.13"]
[Round "5"]
[White "Rojo Jorge, Angel"]
[Black "Merino Araguas, Jose Javier"]
[Result "0-1"]
[WhiteElo "1445"]
[BlackElo "1701"]
[PlyCount "104"]
[EventDate "2019.09.08"]
[EventType "swiss"]
[EventRounds "9"]
[EventCountry "ESP"]
[SourceTitle "EXT 2022"]
[Source "ChessBase"]
[SourceDate "2021.10.06"]
[SourceVersion "1"]
[SourceVersionDate "2021.10.06"]
[SourceQuality "1"]

1. Nf3 d6 2. c4 e5 3. g3 f5 4. d3 Nf6 5. Bg2 Be7 6. 0-0 0-0 7. Nc3 Qe8 8. b4 a5 9. b5 Nbd7 10. Nd2 Nb6 11. a4 Nh5 12. Qb3 Kh8 13. Ba3 f4 14. Nde4 Be6 15. Qc2 Nd7 16. Nd2 Rb8 17. Nd5 Bd8 18. c5 c6 19. Nc3 d5 20. Rab1 Be7 21. bxc6 bxc6 22. Nb3 Qd8 23. Rb2 Qc7 24. Rfb1 Rb7 25. Qd2 Rfb8 26. Nd1 Kg8 27. d4 Bf5 28. e4 fxe3 29. Qxe3 Bxb1 30. Rxb1 exd4 31. Qxe7 Rxb3 32. Rxb3 Rxb3 33. Bh3 Nhf6 34. Be6+ Kh8 35. Bc1 Rb8 36. Bg5 Re8 37. Qf7 Rf8 38. Qe7 Qd8 39. Qd6 Qe8 40. Qxc6 h6 41. Bf4 Qc8 42. Qd6 Re8 43. Be5 Qb8 44. Bxd7 Nxd7 45. Qxd5 Nxe5 46. Qxd4 Qd8 47. Qa1 Qd5 48. Qc1 Rc8 49. Ne3 Qxc5 50. Qb2 Qc1+ 51. Qxc1 Rxc1+ 52. Kg2 Ra1 0-1

[Event "Madrid San Viator op-B 30th"]
[Site "Madrid"]
[Date "2018.05.27"]
[Round "7"]
[White "Rojo Jorge, Angel"]
[Black "Sanchez Castro, Daniel"]
[Result "1/2-1/2"]
[WhiteElo "1494"]
[BlackElo "1271"]
[PlyCount "117"]
[EventDate "2018.04.08"]
[EventType "swiss"]
[EventRounds "9"]
[EventCountry "ESP"]
[SourceTitle "EXT 2019"]
[Source "ChessBase"]
[SourceDate "2018.10.10"]
[SourceVersion "1"]
[SourceVersionDate "2018.10.10"]
[SourceQuality "1"]

1. Nf3 f5 2. c4 e6 3. g3 Nf6 4. Bg2 d5 5. 0-0 c6 6. cxd5 exd5 7. d4 Bd6 8. Nc3 0-0 9. Bg5 Nbd7 10. Qd3 Qc7 11. Qxf5 Ne4 12. Qe6+ Kh8 13. Qg4 Ne5 14. Qh4 Ng6 15. Qh5 Bd7 16. Nxe4 dxe4 17. Nd2 e3 18. fxe3 Bf5 19. Be4 Bxe4 20. Nxe4 Rae8 21. Rxf8+ Rxf8 22. Nxd6 Qxd6 23. Rf1 Rxf1+ 24. Kxf1 Qf8+ 25. Bf4 Ne7 26. Qc5 Kg8 27. Qxa7 Nd5 28. Kg2 Qe7 29. Qb8+ Kf7 30. Qe5 Qxe5 31. Bxe5 g6 32. Kf3 Ke6 33. e4 Nb4 34. a3 Nc2 35. Kg4 c5 36. Bf4 Nxd4 37. e3 Nc6 38. Kg5 Kf7 39. Kh6 Kg8 40. Bd6 b6 41. e5 Nd8 42. Kg5 Kf7 43. Bc7 Ne6+ 44. Kh6 Nxc7 45. Kxh7 Ne6 46. h4 Ng7 47. g4 b5 48. Kh6 c4 49. e4 Ne6 50. h5 gxh5 51. Kxh5 Nf4+ 52. Kh6 Ke6 53. g5 Kxe5 54. g6 Nxg6 55. Kxg6 Kxe4 56. Kf6 Kd3 57. Ke5 c3 58. bxc3 Kxc3 59. Kd5 1/2-1/2

[Event "Madrid San Viator op-B 30th"]
[Site "Madrid"]
[Date "2018.05.20"]
[Round "6"]
[White "Del Noval Nemeshazi, Mario"]
[Black "Rojo Jorge, Angel"]
[Result "1-0"]
[WhiteElo "1406"]
[BlackElo "1494"]
[PlyCount "39"]
[EventDate "2018.04.08"]
[EventType "swiss"]
[EventRounds "9"]
[EventCountry "ESP"]
[SourceTitle "EXT 2019"]
[Source "ChessBase"]
[SourceDate "2018.10.10"]
[SourceVersion "1"]
[SourceVersionDate "2018.10.10"]
[SourceQuality "1"]

1. e4 c5 2. Nf3 g6 3. d4 cxd4 4. Nxd4 Nc6 5. Nc3 Bg7 6. Be3 Nf6 7. Bc4 0-0 8. Bb3 d6 9. f3 Bd7 10. Qd2 Re8 11. 0-0-0 h5 12. h4 Ne5 13. Nd5 e6 14. Nxf6+ Qxf6 15. Bg5 Nxf3 16. gxf3 Qe5 17. Qe3 Qc5 18. Qf4 Bxd4 19. Rxd4 Qxd4 20. Bf6 1-0

[Event "Madrid San Viator op-B 25th"]
[Site "Madrid"]
[Date "2015.10.25"]
[Round "5"]
[White "Rojo Jorge, Angel"]
[Black "Tudela Garcia, Antonio"]
[Result "0-1"]
[WhiteElo "1364"]
[BlackElo "1632"]
[PlyCount "88"]
[EventDate "2015.10.04"]
[EventType "swiss"]
[EventRounds "9"]
[EventCountry "ESP"]
[SourceTitle "EXT 2019"]
[Source "ChessBase"]
[SourceDate "2018.10.10"]
[SourceVersion "1"]
[SourceVersionDate "2018.10.10"]
[SourceQuality "1"]

1. Nf3 Nf6 2. c4 b6 3. g3 Bb7 4. Bg2 e6 5. 0-0 Be7 6. b3 d6 7. Bb2 Nbd7 8. d4 0-0 9. Nc3 Ne4 10. Qd3 Nxc3 11. Qxc3 Nf6 12. a4 a5 13. Ba3 c5 14. dxc5 dxc5 15. Rad1 Qc7 16. Bb2 Rfd8 17. Rd3 Ne8 18. Rfd1 Rxd3 19. Rxd3 Bf6 20. Qd2 Bxb2 21. Qxb2 Rd8 22. Qd2 Rxd3 23. Qxd3 Qd6 24. Qxd6 Nxd6 25. Ne5 Bxg2 26. Kxg2 f6 27. Nd7 Nc8 28. e4 Kf7 29. Nb8 Ke7 30. f4 Kd6 31. e5+ fxe5 32. fxe5+ Kc7 33. Na6+ Kb7 34. Nxc5+ bxc5 35. Kf3 Ne7 36. h4 Nc6 37. Ke4 Nd4 38. Kd3 Nxb3 39. Kc3 Nd4 40. Kd3 Nf5 41. Ke4 Nxg3+ 42. Kf3 Nf5 43. Kg4 Ne3+ 44. Kf4 Nxc4 0-1